Quiz o Polsce - Statystyki

Ogólne statystyki
  • Ten quiz został rozwiązany 164 razy
  • Średni wynik to 10 z 15
Statystyki odpowiedzi
Zagadnienie Odpowiedź % Poprawnych
W którym roku miała miejsce bitwa pod Grunwaldem? 1410 roku
87%
Czyje imię nosi lotnisko w Warszawie, będące największym portem lotniczym w Polsce i główną bazą Polskich Linii Lotniczych LOT? Frederyka Chopina
87%
Kto jest autorem słów hymnu Polski, nazywanego Pieśnią Legionów Polskich we Włoszech ? Józef Wybicki
79%
Konstytucja 3 Maja byłą Pierwszą nowoczesną konstytucją w Europie
77%
Który król Polski według "Dziejów" Długosza "zastał Polskę drewnianą, a zostawił murowaną"? Kazimierz III Wielki
75%
W 1918 roku Polska odzyskała niepodległość jako II Rzeczpospolita. Za datę odzyskania niepodległości uznajemy 11 listopada, kiedy Rada Regencyjna przekazała naczelnie dowództwo nad siłami zbrojnymi Józefowi Piłsódzikemu
70%
"Pamiętniki starego subiekta" to fragment której powieści? Lalki
69%
Gdzie zachowały się jedne z ostatnich i największych fragmentów lasu pierwotnego nizin europejskich oraz największa populacja wolnego żubra na świecie? W Puszczy Białowieskiej
69%
Która granica Polski jest najkrótsza? Z Litwą
68%
Kto pełnił urząd prezydenta RP w czasie wejścia Polski do NATO i Unii Europejskiej? Aleksander Kwaśniewski
61%
Ojcowski Park Narodowy znajduję się w pobliżu Krakowa
61%
Kto jest organem władzy wykonawczej w Polsce? Prezydent RP oraz Rada Ministrów
54%
Ile czasu broniło się Westerplatte w czasie kampanii wrześniowej? 7 dni
48%
Najwyższy budynek w Polsce - Pałac Kultury i Nauki - dzierży palmę pierwszeństwa od roku 1955
43%
Które dzieło powstało "Ku pokrzepieniu serc"? Trylogia
21%
Nie znaleziono quizów pasujących do podanych kryteriów
Rozkład punktacji
Procent ludzi z każdym wynikiem
Percentyl według liczby udzielonych odpowiedzi
Twoja historia wyników
Nie rozwiązałeś tego quizu